000 00642cam a2200241 4500500
005 20260405003156.0
041 _afre
042 _adc
100 1 0 _aLarmagnac-Matheron, Octave
_eauthor
245 0 0 _aYūgen 幽玄
260 _c2020.
500 _a12
690 _aÊtre
690 _aMémoire
690 _aMétaphysique
690 _aNéant
690 _aObjet
690 _aOrient
690 _aOubli
690 _aZen
786 0 _nPhilosophie magazine | 144 | 11 | 2020-11-01 | p. 70-70 | 1951-1787
856 4 1 _uhttps://shs.cairn.info/magazine-philosophie-magazine-2020-11-page-70?lang=fr&redirect-ssocas=7080
999 _c2065052
_d2065052